Booba - Quel est le son ? #1 - Statistiques

Statistiques générales
  • Ce quiz a été pris 107 fois
  • Le résultat moyen est 7 sur 36
Statistiques - réponses
Hint Réponse % Correct
Crucifié sur une caravelle sous l’œil éternel d'une étoile filante Pitbull
70%
J'suis rodave, mon rap s'est laissé pousser la barbe Boulbi
57%
J'te souhaite la mort sans aucun souci, joue pas les gros bras Garcimore
56%
M.O.L.O.T.O.V cocktail, j'te baise, j'te laisse à l'hôtel Kalash (feat. Kaaris)
44%
Que des bonbons dans mon cartable, années placard à ma table Jour de paye
35%
Un nègre est un bon nègre quand il est dead sur le carreau Comme une étoile
34%
C'est B2O t'as bien retenu la leçon, le son qui met la pression garçon Tallac
29%
J’viens des Hauts d’Seine, obscène est mon style, mon comportement Ma définition
28%
NTM, Solaar, IAM : c'est de l'antiquité B2OBA
27%
J'me lave le pénis à l'eau bénite Illégal
27%
Le Rap Français a trouvé son flow par terre Garde la pêche
25%
Peu importe tant que ma poche est pleine, ces chiens n'ont qu'à crever la bouche ouverte 0.9
24%
Tes grosses merdes se coupent en deux, essaye sans ton string ficelle Le Duc de Boulogne
24%
J'préfère mourir à se-l'ai, que vivre en galérien Paradis
23%
Un flow de porc, je suis là pour ouvrir d’autres portes Temps mort
22%
Deux personnes me sourient toujours : mon banquier, mon joaillier Maitre Yoda
19%
Mon âme toujours au tier-quar comme un taxiphone Abracadabra
18%
Prends mon phone et mon e-mail, j'ai du gel ou de la crème Pourvu qu'elles m'aiment
18%
Même pour trente secondes, je veux être un grand de ce monde Killer
16%
MC en Occident par accident dur à assumer, mais courageux, on s'suicide pas, on s'fait fumer ! N°10
13%
Bouh reuf ! T'as la haine, j'sors de l'arène au volant d'une McLaren neuve Game Over
11%
Je veux peser comme Depardieu, gagner dès le premier quart temps Saddam Hauts-de-Seine
10%
Depuis Le Crime Paie j'leur fais la 'sère, rien n'peut m’arrêter Tombé pour elle
10%
Premier en E.P.S, d'la pire espèce, DPS comme Carlos Mon son
9%
Doggy style passe toujours crème même si t'es en hass des fesses Pirates
8%
Tu veux prendre des risques? Tu veux faire du cash? Salades, tomates, oignons (feat. Djé)
8%
J'suis jamais cuit même quand les poulets m'cuisinent Au bout des rêves (feat. Mister Rudie & Trade Union)
6%
Emcee, t'es pas hip-hop parce que tu portes des strings à capuche Avant de partir (feat. Léya Masry)
5%
Un : dédicace pas ton cul à tous les chiens d'la classe Baby (feat. Nessbeal)
5%
Gravé dans les astres, son nom en rouge pavé de rubis Futur
5%
Ça vient de Boulogne, tu vois la fougue dans nos yeux se lit Indépendants
5%
Si tu veux tirer tire mais fais-le vite, compte pas régler tes comptes en m'clashant Strass et paillettes (feat. Ali)
4%
Touche du bois, de l’acier, fume tout, bois de la 16 Jusqu'ici tout va bien
1%
On m'a dit d'changer des mots pour pas qu'les petits me suivent On m'a dit
1%
J'prends l'industrie à quatre pattes, crache dans leur gâteau La faucheuse
0%
0.9 dans le stash house, les négros meurent d’overdose OG (feat. Mala)
0%
Aucun quiz correspondant
Distribution des résultats
% des personnes avec chaque résultat
Percentile par nombre de réponses
Votre historique - résultats
Vous n’avez pas pris ce quiz